Catálogo
 En Linea

La legislación aduanera y sus modificaciones : (Registro nro. 22027)

Detalles MARC
000 -CABECERA
campo de control de longitud fija 02556nam a2200385 i 4500
001 - NÚMERO DE CONTROL
campo de control 000022530
003 - IDENTIFICADOR DEL NÚMERO DE CONTROL
campo de control DO-SdBNP
005 - FECHA Y HORA DE LA ÚLTIMA TRANSACCIÓN
campo de control 20260415175501.0
007 - CAMPO FIJO DE DESCRIPCIÓN FÍSICA--INFORMACIÓN GENERAL
campo de control de longitud fija ta
008 - DATOS DE LONGITUD FIJA--INFORMACIÓN GENERAL
campo de control de longitud fija 090701s2007 dr a l 000 0 spa d
020 ## - NÚMERO INTERNACIONAL ESTÁNDAR DEL LIBRO
Número Internacional Estándar del Libro 9789945161304
040 ## - FUENTE DE LA CATALOGACIÓN
Centro catalogador/agencia de origen DO-SdBNP
Lengua de catalogación spa
Centro/agencia transcriptor BNPHU
Normas de descripción rda
041 ## - CÓDIGO DE LENGUA
Código de lengua del texto/banda sonora o título independiente spa
082 #4 - NÚMERO DE LA CLASIFICACIÓN DECIMAL DEWEY
Número de clasificación 343.7293056
Número de documento/Ítem R426L 2007
Número de edición 22
110 1# - ENTRADA PRINCIPAL--NOMBRE DE ENTIDAD CORPORATIVA
Nombre de entidad corporativa o nombre de jurisdicción como elemento de entrada República Dominicana
9 (RLIN) 447
240 10 - TÍTULO UNIFORME
Título uniforme [Leyes, etc.]
245 13 - MENCIÓN DE TÍTULO
Título La legislación aduanera y sus modificaciones :
Resto del título ley 3489, para el régimen de aduanas, ley 226-06, que otorga autonomía presupuestaria y patrimonio propio a la Dirección General de Aduanas /
Mención de responsabilidad, etc. Secretaría de Estado de Haciendas, Dirección General de Aduanas.
246 10 - FORMA VARIANTE DE TÍTULO
Título propio/Titulo breve Ley 3489, para el régimen de aduanas
246 10 - FORMA VARIANTE DE TÍTULO
Título propio/Titulo breve Ley 226-06, que otorga autonomía presupuestaria y patrimonio propio a la Dirección General de Aduanas
260 ## - PUBLICACIÓN, DISTRIBUCIÓN, ETC.
Lugar de publicación, distribución, etc. Santo Domingo :
Nombre del editor, distribuidor, etc. Dirección General de Aduanas,
Fecha de publicación, distribución, etc. 2007.
300 ## - DESCRIPCIÓN FÍSICA
Extensión 97 páginas :
Otras características físicas ilustraciones ;
Dimensiones 23 cm.
336 ## - TIPO DE CONTENIDO
Término de tipo de contenido texto
Código de tipo de contenido txt
Fuente rdacontent
337 ## - TIPO DE MEDIO
Nombre/término del tipo de medio sin mediación
Código del tipo de medio n
Fuente rdamedia
338 ## - TIPO DE SOPORTE
Nombre/término del tipo de soporte volumen
Código del tipo de soporte nc
Fuente rdacarrier
490 0# - MENCIÓN DE SERIE
Mención de serie Aduanas ;
Designación de volumen o secuencia 13
505 0# - NOTA DE CONTENIDO CON FORMATO
Nota de contenido con formato Prólogo --
Título Ley 34-89, para el régimen de aduanas --
-- De las aduanas y su funcionamiento --
-- Formalidades que deben llenarse en los puertos extranjeros sección primaria --
-- De la entrada de los buques --
-- De la descarga de los buques --
-- Del reconocimiento y despacho de las mercancías --
-- Del abandono de las mercancías --
-- De la liquidación y recaudación de los derechos e impuestos --
-- De la vista de inspección y despacho de los buques --
-- De la exportación --
-- Del cabotaje --
-- Del tránsito --
-- De las arribadas, recaladas y naufragios de buques --
-- De los agentes de aduana y consignatarios de naves --
-- Del contrabando --
-- De las reclamacines y recursos contra las decisiones aduaneras --
-- Disposiciones represivas --
-- Disposiciones generales Ley Nº 226-06 que otorga autonomía presupuestaria y patrimonio propio a la Dirección General de Aduanas.
590 ## - NOTA LOCAL (RLIN)
Nota local Inventariado, 2018/VM
610 10 - PUNTO DE ACCESO ADICIONAL DE MATERIA--NOMBRE DE ENTIDAD CORPORATIVA
Nombre de entidad corporativa o nombre de jurisdicción como elemento de entrada República Dominicana.
Unidad subordinada Dirección General de Aduanas.
9 (RLIN) 43102
650 #0 - PUNTO DE ACCESO ADICIONAL DE MATERIA--TÉRMINO DE MATERIA
Término de materia o nombre geográfico como elemento de entrada Aduanas
Subdivisión general Leyes y legislación
9 (RLIN) 6955
650 #0 - PUNTO DE ACCESO ADICIONAL DE MATERIA--TÉRMINO DE MATERIA
Término de materia o nombre geográfico como elemento de entrada Impuestos
Subdivisión general Leyes y legislación
9 (RLIN) 9338
650 #4 - PUNTO DE ACCESO ADICIONAL DE MATERIA--TÉRMINO DE MATERIA
Término de materia o nombre geográfico como elemento de entrada Aranceles de aduana
Subdivisión general Legislación
Subdivisión geográfica República Dominicana
9 (RLIN) 6956
710 ## - PUNTO DE ACCESO ADICIONAL--NOMBRE DE ENTIDAD CORPORATIVA
Nombre de entidad corporativa o nombre de jurisdicción como elemento de entrada República Dominicana. $t Ley 226-06, que otorga autonomía presupuestaria y patrimonio propio a la Dirección General de Aduanas.
9 (RLIN) 88822
910 ## - DATOS DE OPCIÓN DEL USUARIO (OCLC)
Datos de opción del usuario Validado. Control de calidad MFF
942 ## - ELEMENTOS DE PUNTO DE ACCESO ADICIONAL (KOHA)
Fuente del sistema de clasificación o colocación Dewey Decimal Classification
Tipo de ítem Koha Libro
Existencias
Estado de retiro Estado de pérdida Fuente del sistema de clasificación o colocación Restricciones de uso No para préstamo Código de colección Localización permanente Ubicación/localización actual Ubicación en estantería Fecha de adquisición Total de préstamos Signatura topográfica completa Código de barras Fecha visto por última vez Número de copia Precio válido a partir de Tipo de ítem Koha
    Dewey Decimal Classification Préstamo en sala   Dominicana de Servicio Biblioteca Nacional Pedro Henríquez Ureña Biblioteca Nacional Pedro Henríquez Ureña Depósito 13.10.2010   BNPHU DS 343.7293056 R426L 2007 22530-30 25.06.2020 e. 3 25.06.2020 Libro y Folleto Colección Dominicana de Servicio
  Extraviado Dewey Decimal Classification Préstamo en sala   Dominicana de Servicio Biblioteca Nacional Pedro Henríquez Ureña Biblioteca Nacional Pedro Henríquez Ureña Extraviado 20.10.2010   BNPHU DS 343.7293056 R426L 2007 22530-40 25.06.2020 e. 4 25.06.2020 Libro
  Extraviado Dewey Decimal Classification Préstamo en sala   Dominicana de Servicio Biblioteca Nacional Pedro Henríquez Ureña Biblioteca Nacional Pedro Henríquez Ureña Extraviado 20.10.2010   BNPHU DS 343.7293056 R426L 2007 22530-50 25.06.2020 e. 5 25.06.2020 Libro
    Dewey Decimal Classification Excluido de préstamo   Patrimonio Dominicano Biblioteca Nacional Pedro Henríquez Ureña Biblioteca Nacional Pedro Henríquez Ureña Depósito 13.10.2010   BNPHU PD 343.7293056 R426L 2007 22530-10 25.06.2020 e. 2 25.06.2020 Libro
    Dewey Decimal Classification Excluido de préstamo   Patrimonio Dominicano Biblioteca Nacional Pedro Henríquez Ureña Biblioteca Nacional Pedro Henríquez Ureña Depósito 13.10.2010   BNPHU PD 343.7293056 R426L 2007 22530-20 25.06.2020   25.06.2020 Libro

Con tecnología Koha